000 00592nam a22001817a 4500
005 20251108165257.0
008 250721s1990 xx 000 0 ara d
082 1 4 _a956.441/مدى
100 1 _aجباره، تيسير
245 1 0 _aمدينة خليل الرحمن :
_bدراسة تاريخيه و جغرافيه /
264 1 _aالخليل :
_bرابطة الجامعيين - مركز الأبحاث،
_c1990.
300 _a234ص
650 1 7 _aتاريخ فلسطين
650 1 7 _aالخليل ( مدينه )
650 1 7 _aالجغرافيه
942 _2ddc
_cBK
999 _c23896
_d23896